Hansten and Horn's managing clinically important drug interactions / (Record no. 1618)
[ view plain ]
| 000 -LEADER | |
|---|---|
| fixed length control field | 00762nac a22001931u 4500 |
| 020 ## - INTERNATIONAL STANDARD BOOK NUMBER | |
| International Standard Book Number | 1574392220 |
| 082 ## - DEWEY DECIMAL CLASSIFICATION NUMBER | |
| Classification number | 615.7045 |
| Item number | H2518 |
| 090 ## - LOCALLY ASSIGNED LC-TYPE CALL NUMBER (OCLC); LOCAL CALL NUMBER (OCLC) | |
| -- | 1618 |
| -- | 1618 |
| 100 ## - MAIN ENTRY--PERSONAL NAME | |
| Personal name | Hansten, Philip D. |
| 245 ## - TITLE STATEMENT | |
| Title | Hansten and Horn's managing clinically important drug interactions / |
| Statement of responsibility, etc | Philip D Hansten, John R Horn |
| 250 ## - EDITION STATEMENT | |
| Edition statement | 5th Rev. Ed. |
| 260 ## - PUBLICATION, DISTRIBUTION, ETC. (IMPRINT) | |
| Place of publication, distribution, etc | New York : |
| Name of publisher, distributor, etc | Lippincott Williams & Wilkins,2005 |
| Date of publication, distribution, etc | 2005. |
| 300 ## - PHYSICAL DESCRIPTION | |
| Extent | 736 p. |
| Dimensions | 23 cm. |
| 500 ## - GENERAL NOTE | |
| General note | Includes index. |
| 650 ## - SUBJECT ADDED ENTRY--TOPICAL TERM | |
| Topical term or geographic name as entry element | Drug interactions |
| General subdivision | Handbooks, manuals, etc. |
| 650 ## - SUBJECT ADDED ENTRY--TOPICAL TERM | |
| Topical term or geographic name as entry element | Drug interactions |
| General subdivision | handbooks. |
| 942 ## - ADDED ENTRY ELEMENTS (KOHA) | |
| Item type | Book - Borrowing |
| Call number prefix | 615.7045H2518 |
| Withdrawn status | Item status | Damaged status | Not for loan | Home library | Current library | Shelving location | Date acquired | Source of acquisition | Total Checkouts | Total Renewals | Full call number | Barcode | Date last seen | Date last borrowed | Koha item type |
|---|---|---|---|---|---|---|---|---|---|---|---|---|---|---|---|
| Central Library | Central Library | First floor | 19/11/2006 | Purchase | 4 | 4 | 615.7045 HAN | 000002723 | 15/07/2025 | 30/11/2021 | Book - Borrowing |